| 000 | 00895nam a2200205Ia 4500 | ||
|---|---|---|---|
| 003 | GCL | ||
| 008 | 140319s9999 xx 000 0 ara d | ||
| 040 |
_aGCL / _cGCL |
||
| 082 | 0 | 4 |
_a220 _bب خ |
| 100 | 1 | _aالبخارى : ابوعبدالله محمد بن اسماعيل بن ابراهيم بن المغيرة بن بردزيه | |
| 245 | 1 | 0 |
_aخلق افعال العبادة: الرد على اصحاب الجمعية واصحاب التعطيل / _cالبخارى : ابوعبدالله محمد بن اسماعيل بن ابراهيم بن المغيرة بن بردزيه |
| 260 |
_a[S.N] : _bمكتبة التراث الاسلامى |
||
| 300 | _a286 ص | ||
| 490 | _a | ||
| 650 | 0 | 4 | _aدفع المطاعن عن الاسلام |
| 650 | 0 | 4 | _aالاسلام - دعوة |
| 650 | 0 | 4 | _aعلوم القران |
| 650 | 0 | 4 | _aتفسير القران الكريم |
| 942 |
_2ddc _cBK |
||
| 999 |
_c53175 _d53175 |
||